Military rank, title, and organization in the Egyptian New Kingdom /

Saved in:

Main Author: Schulman, Alan Richard, 1930- (Author)

Format: Book

Language: English

Published: Berlin : B. Hessling, 1964.

Series: Munchner Agyptologische Studien ; 6.
MAS ; 6.

Subjects:

Tags: Add Tag

No Tags, Be the first to tag this record!

Call Number: DT57 .M882 v.6

LEADER 00912namaa2200301 4500
001 13215
003 OSt
005 20241124125736.0
008 130303s1964 gw b 001 0 eng d
999 |c 12540  |d 12540 
010 |a 82212359 
040 |c ARCE Library 
043 |a f-ua--- 
050 4 |a DT57 .M882 v.6 
100 1 |a Schulman, Alan Richard,  |d 1930-   |e author  |9 39516 
245 1 0 |a Military rank, title, and organization in the Egyptian New Kingdom /  |c von Alan Richard Schulman. 
264 1 |a Berlin :  |b B. Hessling,  |c 1964. 
300 |a 183 pages ;  |c 24 cm. 
490 1 |a Munchner Agyptologische Studien ;   |v 6. 
490 1 |a MAS ;   |v 6. 
500 |a Includes index. 
504 |a Bibliography: p. 171-177. 
651 0 |a Egypt  |x History  |y To 332 B.C. 
651 0 |a Egypt  |x History, Military.  
830 0 |a Munchner Agyptologische Studien ;   |v 6. 
830 0 |a MAS ;   |v 6. 
901 |a reviewed 
942 |c BK  |2 lcc